000 00802nam a2200205 i 4500
001 70403
003 ES-MaACL
005 20250723061832.0
007 t|
008 040723s1915 sp ||||1| spa d
100 1 _aGarcía Santiago, José María.
_955274
245 1 3 _aEl jurisconsulto Juliano y su obra el Edicto perpétuo
_b: memoria que para aspirar al Grado de Doctor en Derecho /
_cpresenta... Don José María García Santiago.
260 _aZamora :
_b[s.n.],
_c1915 (
_fEst. tip. de San José)
300 _a145 p. ;
_c21 cm.
594 _aPrecede al tít.: Facultad de Derecho de la Universidad Central.
600 1 4 _aSalvio Juliano-
_xCrítica e interpretación.
_9152559
650 0 7 _aDerecho romano
_2embne
_911764
852 _aES-MaACL
_j1493-F-10
999 _c70403
_d70403